| 000 | 00369nam a22001217a 4500 | ||
|---|---|---|---|
| 008 | 230327b |||||||| |||| 00| 0 eng d | ||
| 050 | _aBX3703.3.J58 | ||
| 100 |
_aGeorge .E.Ganss. _952262 |
||
| 245 |
_aThe Jesuit brothers' vocation _cGeorge E. Ganss |
||
| 260 |
_aItaly: _bCentrum Ignatianum Spiritualitatis. _c1983. |
||
| 300 |
_a116p; _c24cm. |
||
| 942 |
_2lcc _cMONOGRAPH |
||
| 999 |
_c131706 _d131706 |
||